Четвероевангелие | Апостол (Запись № 12280794)

Подробности
000 -МАРКЕР
контрольное поле 01989nam0a2200373 4500
001 - ИДЕНТИФИКАТОР ЗАПИСИ
контрольное поле RU\NLR\BIBL_A\011562018
005 - ИДЕНТИФИКАТОР ВЕРСИИ
контрольное поле 20260409080632.0
010 ## - МЕЖДУНАРОДНЫЙ СТАНДАРТНЫЙ НОМЕР КНИГИ (ISBN)
Номер (ISBN) 9785905403064
Тираж 2000
021 ## - НОМЕР ГОСУДАРСТВЕННОЙ РЕГИСТРАЦИИ
Код страны российская федерация
Номер 2017-92023
Номер Листа государственной регистраци 6588
035 ## - ДРУГИЕ СИСТЕМНЫЕ НОМЕРА
Идентификатор записи (RuMoRGB)009474441
035 ## - ДРУГИЕ СИСТЕМНЫЕ НОМЕРА
Идентификатор записи (NLR Aleph) 011562018
100 ## - ДАННЫЕ ОБЩЕЙ ОБРАБОТКИ
Данные общей обработки 20171219d2017 m y0rusy50 ca
101 0# - ЯЗЫК РЕСУРСА
Язык текста, звукозаписи и т.д. русский
102 ## - СТРАНА ПУБЛИКАЦИИ ИЛИ ПРОИЗВОДСТВА
Страна публикации российская федерация
105 ## - ПОЛЕ КОДИРОВАННЫХ ДАННЫХ: ТЕКСТОВЫЕ МАТЕРИАЛЫ, МОНОГРАФИЧЕСКИЕ
Кодированные данные о монографическом текстовом документе c z 000zy
200 1# - ЗАГЛАВИЕ И СВЕДЕНИЯ ОБ ОТВЕТСТВЕННОСТИ
Основное заглавие Четвероевангелие
-- Апостол
Сведения, относящиеся к заглавию руководство к изучению Священного Писания Нового Завета
Первые сведения об ответственности архиепископ Аверкий (Таушев)
210 ## - ПУБЛИКАЦИЯ, РАСПРОСТРАНЕНИЕ И ДР.
Место издания, распространения и т.д. Санкт-Петербург
Имя издателя, распространителя и т. д. Библиополис
Дата издания, распространения и т.д. 2017
215 ## - ФИЗИЧЕСКАЯ ХАРАКТЕРИСТИКА
Специфическое обозначение материала и объем 791 с.
Другие сведения о физической характеристике портр.
Размеры 22
300 ## - ОБЩИЕ ПРИМЕЧАНИЯ
Текст примечания Настоящий труд "Руководство к изучению Священного Писания Нового Завета" состоит из 2-х ч.: Четвероевангелия и Апостола
320 ## - ПРИМЕЧАНИЯ О НАЛИЧИИ В ДОКУМЕНТЕ БИБЛИОГРАФИИ / УКАЗАТЕЛЯ
Текст примечания Библиогр. в тексте предисл.: с. 5-6 и в осн. тексте
500 ## - УНИФИЦИРОВАННОЕ ЗАГЛАВИЕ
Унифицированное заглавие Библия
Наименование раздела или части Н.З.
-- Евангелие
Идентификатор авторитетной / нормативной записи RU\NLR\AUTH\553145
Системный номер авторитетной/нормативной записи 2631082
500 ## - УНИФИЦИРОВАННОЕ ЗАГЛАВИЕ
Унифицированное заглавие Библия
Наименование раздела или части Н.З.
-- Деяния апостолов
Идентификатор авторитетной / нормативной записи RU\NLR\AUTH\559153
Системный номер авторитетной/нормативной записи 2631193
500 ## - УНИФИЦИРОВАННОЕ ЗАГЛАВИЕ
Унифицированное заглавие Библия
Наименование раздела или части Н.З.
-- Послания
Идентификатор авторитетной / нормативной записи RU\NLR\AUTH\559205
Системный номер авторитетной/нормативной записи 2631232
517 1# - ДРУГИЕ ВАРИАНТЫ ЗАГЛАВИЯ
Вариант заглавия Руководство к изучению Священного Писания Нового Завета
605 ## - ЗАГЛАВИЕ КАК ПРЕДМЕТ
Начальный элемент ввода Библия
Наименование части Новый Завет
Тематический подзаголовок Исследование текста
Системный номер авторитетной/нормативной записи 1153960
Идентификатор авторитетной/нормативной записи RU\NLR\AUTH\66142780
686 ## - ИНДЕКСЫ ДРУГИХ КЛАССИФИКАЦИЙ
Индекс Э37-220.911,0
Код системы
686 2# - ИНДЕКСЫ ДРУГИХ КЛАССИФИКАЦИЙ
Индекс Э37-220.2
700 #0 - ИМЯ ЛИЦА - ПЕРВИЧНАЯ ОТВЕТСТВЕННОСТЬ
Материалы, к которым относится поле rus
Графика поля Кириллица
Начальный элемент ввода Аверкий
Дополнения к именам, кроме дат Таушев, Александр Павлович
-- архиепископ Сиракузский и Троицкий
Даты 1906-1976
Идентификатор авторитетной/нормативной записи RU\NLR\AUTH\778914
Системный номер авторитетной/нормативной записи 118793
942 ## - ДОПОЛНИТЕЛЬНЫЕ ЭЛЕМЕНТЫ ЗАПИСИ (АБИС)
Тип экземпляра АБИС Книга
980 ## - КОЛЛЕКЦИЯ
Название коллекции НБР

Нет доступных экземпляров.